[Event "Chigorin Memorial 18th"]
[Site "St Petersburg"]
[Date "2010.11.02"]
[Round "6"]
[White "Egorova, Ekaterina"]
[Black "Nedostup, Daniil"]
[Result "1-0"]
[WhiteElo "2092"]
[BlackElo "1895"]
[PlyCount "77"]
[EventDate "2010.10.28"]
[EventType "swiss"]
[EventRounds "9"]
[EventCountry "RUS"]
[SourceTitle "EXT 2011"]
[Source "ChessBase"]
[SourceDate "2010.11.26"]
[SourceVersion "1"]
[SourceVersionDate "2010.11.26"]
[SourceQuality "1"]

1. e4 e6 2. d4 d5 3. Nc3 Bb4 4. Bd3 dxe4 5. Bxe4 Nf6 6. Bd3 c5 7. a3 Ba5 8. dxc5 Bxc3+ 9. bxc3 Qa5 10. Ne2 0-0 11. 0-0 Nbd7 12. Rb1 a6 13. Be3 e5 14. f4 e4 15. Bc4 Ng4 16. Bd4 Nxc5 17. f5 Nd7 18. Nf4 Ngf6 19. Nh5 Qd8 20. Rf4 b5 21. Bb3 Qe7 22. Rh4 Bb7 23. Qd2 Nxh5 24. Rxh5 Nf6 25. Rg5 e3 26. Qe1 h6 27. Rg6 Kh7 28. Rg3 Nh5 29. Rxe3 Qg5 30. Qf2 Rad8 31. Bc5 Rfe8 32. Bxf7 Nf4 33. Bxe8 Rxe8 34. h4 Qg4 35. Kh2 Rxe3 36. Bxe3 Bxg2 37. Qg3 Qe2 38. Bf2 Be4 39. Kg1 1-0

[Event "Chigorin Memorial 18th"]
[Site "St Petersburg"]
[Date "2010.10.28"]
[Round "1"]
[White "Egorova, Ekaterina"]
[Black "Sorokina, Anastasia1111"]
[Result "1/2-1/2"]
[WhiteElo "2092"]
[BlackElo "2094"]
[PlyCount "109"]
[EventDate "2010.10.28"]
[EventType "swiss"]
[EventRounds "9"]
[EventCountry "RUS"]
[SourceTitle "EXT 2011"]
[Source "ChessBase"]
[SourceDate "2010.11.26"]
[SourceVersion "1"]
[SourceVersionDate "2010.11.26"]
[SourceQuality "1"]

1. e4 c5 2. Nf3 d6 3. Bc4 Nc6 4. 0-0 Nf6 5. d3 e6 6. Qe2 Be7 7. c3 0-0 8. Bb3 b5 9. d4 b4 10. Bc2 a5 11. e5 Nd5 12. c4 b3 13. Bxb3 Nb6 14. d5 exd5 15. cxd5 Ba6 16. Qe4 Nb4 17. Rd1 c4 18. Bc2 Nxc2 19. Qxc2 dxe5 20. Nxe5 Bd6 21. Qc3 Qc7 22. f4 Bb7 23. Na3 Nxd5 24. Qxc4 Bxe5 25. fxe5 Qxe5 26. Qb5 Qe7 27. Bd2 Rab8 28. Re1 Qf6 29. Qxa5 Qd4+ 30. Kh1 Ra8 31. Qb5 Ba6 32. Qa5 Bd3 33. Nb5 Qxb2 34. Na7 Qd4 35. Nc6 Qc4 36. Rec1 Rxa5 37. Rxc4 Rxa2 38. Rxa2 Bxc4 39. Rc2 Bd3 40. Rc5 Nf6 41. Ne7+ Kh8 42. Rc8 Rxc8 43. Nxc8 Nd5 44. Bc1 h5 45. Kg1 Kh7 46. Ba3 Kg6 47. Bf8 Nf4 48. Bd6 Kg5 49. Kf2 Ba6 50. Ne7 Bb7 51. h4+ Kg4 52. g3 Ne6 53. Ke3 g6 54. Ng8 Kf5 55. Be7 1/2-1/2

[Event "St Petersburg Chigorin CC-ch"]
[Site "St Petersburg"]
[Date "2009.05.19"]
[Round "1"]
[White "Yusupova, Lilia"]
[Black "Egorova, Ekaterina"]
[Result "0-1"]
[WhiteElo "1713"]
[BlackElo "2070"]
[PlyCount "37"]
[EventDate "2009.05.19"]
[EventType "swiss"]
[EventRounds "9"]
[EventCountry "RUS"]
[SourceTitle "CBM 130 Extra"]
[Source "ChessBase"]
[SourceDate "2009.07.02"]
[SourceVersion "2"]
[SourceVersionDate "2009.07.15"]
[SourceQuality "1"]

1. c4 e5 2. Nc3 Nc6 3. e4 Nf6 4. g3 Bc5 5. h3 d6 6. Bg2 0-0 7. Nge2 Be6 8. d3 Qd7 9. Nd5 Rfe8 10. g4 Bxd5 11. cxd5 Ne7 12. 0-0 Ng6 13. Ng3 c6 14. dxc6 Qxc6 15. Nf5 d5 16. exd5 Nxd5 17. d4 exd4 18. Nxd4 Rad8 19. Be3 0-1

[Event "St Petersburg March op"]
[Site "St Petersburg"]
[Date "2009.03.31"]
[Round "2"]
[White "Egorova, Ekaterina"]
[Black "Zhukov, Klim"]
[Result "1/2-1/2"]
[WhiteElo "2075"]
[BlackElo "2051"]
[PlyCount "62"]
[EventDate "2009.03.30"]
[EventType "swiss"]
[EventRounds "9"]
[EventCountry "RUS"]
[SourceTitle "EXT 2012"]
[Source "ChessBase"]
[SourceDate "2011.11.24"]
[SourceVersion "1"]
[SourceVersionDate "2011.11.24"]
[SourceQuality "1"]

1. e4 c5 2. Nf3 e6 3. d4 cxd4 4. Nxd4 Nc6 5. Nxc6 bxc6 6. Bd3 Nf6 7. 0-0 d5 8. Nd2 Be7 9. Qe2 0-0 10. c4 a5 11. f4 Ba6 12. e5 Nd7 13. f5 exf5 14. Rxf5 Nc5 15. Bc2 Ne6 16. Rh5 g6 17. Qg4 Ng7 18. Rh6 Bg5 19. Ne4 Bxh6 20. Nf6+ Kh8 21. Bxh6 Qb6+ 22. Kh1 Qxb2 23. Rc1 Qxe5 24. Rf1 Bxc4 25. Qh4 Bxf1 26. Bf4 Bxg2+ 27. Kxg2 Qe2+ 28. Kg1 h5 29. Qg5 Qe1+ 30. Kg2 Qe2+ 31. Kg1 Qe1+ 1/2-1/2

[Event "St Petersburg Nov op"]
[Site "St Petersburg"]
[Date "2008.11.01"]
[Round "1"]
[White "Egorova, Ekaterina"]
[Black "Pankov, German"]
[Result "0-1"]
[WhiteElo "2071"]
[BlackElo "2375"]
[PlyCount "54"]
[EventDate "2008.11.01"]
[EventType "swiss"]
[EventRounds "9"]
[EventCountry "RUS"]
[SourceTitle "EXT 2010"]
[Source "ChessBase"]
[SourceDate "2010.11.25"]
[SourceVersion "1"]
[SourceVersionDate "2010.11.25"]
[SourceQuality "1"]

1. e4 c5 2. Bc4 Nc6 3. Nc3 g6 4. f4 Bg7 5. Nf3 e6 6. 0-0 Nge7 7. e5 d6 8. exd6 Nf5 9. Bd3 Nxd6 10. Ne4 0-0 11. Qe2 Nf5 12. c3 b6 13. Bc2 Qc7 14. d3 Ba6 15. Bd2 Rad8 16. g4 Nfe7 17. Nfg5 h6 18. Nh3 f5 19. Nef2 e5 20. Bb3+ Kh7 21. gxf5 Nxf5 22. Bc2 Qd7 23. Qg4 c4 24. Ne4 Nd6 25. Qxd7 Rxd7 26. Ba4 Nxe4 27. dxe4 b5 0-1

[Event "St Petersburg-ch (Women)"]
[Site "St Petersburg"]
[Date "2008.05.19"]
[Round "8"]
[White "Egorova, Ekaterina"]
[Black "Sokolova, Vera Evgenyevna"]
[Result "1-0"]
[WhiteElo "2106"]
[BlackElo "2057"]
[PlyCount "60"]
[EventDate "2008.05.12"]
[EventType "tourn"]
[EventRounds "9"]
[EventCountry "RUS"]
[SourceTitle "CBM 124 Extra"]
[Source "ChessBase"]
[SourceDate "2008.07.03"]
[SourceVersion "1"]
[SourceVersionDate "2008.07.03"]
[SourceQuality "1"]

1. e4 c5 2. c3 Nf6 3. e5 Nd5 4. d4 e6 5. Nf3 Nc6 6. Bc4 cxd4 7. Bxd5 exd5 8. Nxd4 d6 9. exd6 Bxd6 10. 0-0 0-0 11. b4 a6 12. Na3 Qh4 13. g3 Qh3 14. Nac2 Bg4 15. Qd2 Rae8 16. f3 Bc8 17. Ba3 Ne5 18. Rad1 Qh5 19. Qf2 Qg6 20. b5 Bxa3 21. Nxa3 Bh3 22. Rfe1 Nd3 23. Rxe8 Nxf2 24. Rxf8+ Kxf8 25. Kxf2 Qd6 26. Nac2 axb5 27. Nb4 Bd7 28. Rd3 Qh6 29. Kg1 Qc1+ 30. Kf2 Qh1 1-0

[Event "St Petersburg White Nights op"]
[Site "St Petersburg"]
[Date "2007.06.26"]
[Round "2"]
[White "Egorova, Ekaterina"]
[Black "Bronnikova, Elizaveta"]
[Result "0-1"]
[WhiteElo "2119"]
[BlackElo "2287"]
[PlyCount "44"]
[EventDate "2007.06.25"]
[EventType "swiss"]
[EventRounds "9"]
[EventCountry "RUS"]
[SourceTitle "CBM 119 Extra"]
[Source "ChessBase"]
[SourceDate "2007.09.04"]
[SourceVersion "1"]
[SourceVersionDate "2007.09.04"]
[SourceQuality "1"]

1. e4 g6 2. d4 Bg7 3. f4 c5 4. c3 Qa5 5. Nf3 d6 6. Be3 Nf6 7. Nbd2 cxd4 8. b4 Qc7 9. cxd4 Qc3 10. Bf2 0-0 11. Rc1 Qxb4 12. Rc7 Nc6 13. d5 Qa5 14. Rxc8 Raxc8 15. dxc6 Rxc6 16. Nd4 Rcc8 17. Qb1 Ng4 18. N4b3 Qb4 19. Bxa7 Bc3 20. h3 Nf6 21. Kd1 Bxd2 22. Nxd2 Qa4+ 0-1